The pearson general knowledge manual / (Record no. 159777)

MARC details
000 -LEADER
fixed length control field 00502nam a22001817a 4500
005 - DATE AND TIME OF LATEST TRANSACTION
control field 20190105125249.0
010 ## - LCCN (DPL NO)
LC control number B-226028
020 ## - INTERNATIONAL STANDARD BOOK NUMBER
International Standard Book Number 8131713644
035 ## - SYSTEM CONTROL NUMBER
System control number B-226028
037 ## - SOURCE OF ACQUISITION
Source of stock number/acquisition Pearson Education
082 ## - DEWEY DECIMAL CLASSIFICATION NUMBER
Classification number 000
100 ## - MAIN ENTRY--PERSONAL NAME
Personal name Thorpe, Edgar
245 ## - TITLE STATEMENT
Title The pearson general knowledge manual /
Statement of responsibility, etc Edgar Thope {and} Showick Thorpe
260 ## - PUBLICATION, DISTRIBUTION, ETC. (IMPRINT)
Place of publication, distribution, etc Delhi
Name of publisher, distributor, etc Pearson Education
Date of publication, distribution, etc 2007
300 ## - PHYSICAL DESCRIPTION
Extent 500p.
Dimensions 24cm(pbk)
700 ## - ADDED ENTRY--PERSONAL NAME
Personal name Thorpe, Edgar
942 ## - ADDED ENTRY ELEMENTS (KOHA)
Source of classification or shelving scheme Dewey Decimal Classification
Item type English Books
Classification part 000
Call number suffix THO
Holdings
Withdrawn status Lost status Not for loan Collection code Home library Current library Date acquired Full call number Barcode Koha item type
      Non-fiction Sarojini Nagar Sarojini Nagar 05/01/2019 000 THO B-226028 English Books

© Delhi Public Library
Hit Counter
free hit counter